000
00264nam a2200121Ia 4500
100
_a
Palan/ N.G.
942
_c
BK
654
_a
logic
245
_a
Logic circuits (Digital Electronics)
260
_b
Technova
_c
1998
082
_a
621.395
_b
PAL
546
_a
ENGLISH
999
_c
29655
_d
29655